000 nam a22 a 4500
999 _c3202
_d3202
003 AKMAL
005 20170519163640.0
008 170519s1998 -uk 00 eng d
020 _a1861522088 (pbk.)
040 _aAKMAL
_cAKMAL
082 0 4 _a658.4012 BEE
090 0 0 _a658.4012
_bBEE
100 1 _aBeerel, Annabel,
_d1953-
_96585
245 1 0 _aLeadership through strategic planning /
_cAnnabel Beerel
260 _aLondon :
_bInternational Thomson Business Press,
_c1998
300 0 0 _axiv, 285p. :
_bill. ;
_c24cm
440 0 _aSmart strategies series
_96586
500 _aIncludes index
504 _aBibliography: p. 279-282
650 0 _aLeadership
_9120
650 0 _aStrategic planning
_96200
942 _2ddc
_cBOOK